| 000 | 00799nam a22002537a 4500 | ||
|---|---|---|---|
| 003 | dpl | ||
| 005 | 20180825123459.0 | ||
| 008 | 180825b xxu||||| |||| 00| 0 eng d | ||
| 010 | _aA-952644 | ||
| 020 |
_c275.00 _a8120312538 |
||
| 035 | _aA-952644, A-952646 | ||
| 037 | _bCen Lib/Ret | ||
| 040 |
_aDPL _bEN _c0 |
||
| 082 |
_a004.67 _bYEG |
||
| 100 |
_aYegnanrayana, B. _937475 |
||
| 245 |
_aArtificial natural networks / _cby B.Yegnanrayana |
||
| 260 |
_aNew Delhi _bPrentice Hall _c1999 |
||
| 270 |
_aM-97, Connaught Circus _bNew Delhi _e110001 |
||
| 300 |
_axiii,461p. : _c22cm(Hb) _bill. |
||
| 500 | _aIncludes bibliographical reference and index | ||
| 650 |
_aNatural Intlligent _937476 |
||
| 650 |
_aArtificial Intelligence _937477 |
||
| 942 |
_2ddc _cEN _h004.67 _mYEG |
||
| 999 |
_c133286 _d133286 |
||